| 000 | 01288nam0a22003131 4500 | ||
|---|---|---|---|
| 001 | rc\4005889 | ||
| 005 | 20151221173645.0 | ||
| 021 |
_aRU _b[49-34267] |
||
| 035 | _a(NLR Aleph) 008076329 | ||
| 090 |
_a9095011 _c9095011 |
||
| 100 | _a20130415d1949 |||y0rusy50 ca | ||
| 101 | 1 |
_arus _cger |
|
| 102 | _aRU | ||
| 105 | _aa z ||||| | ||
| 200 | 1 |
_aБеляночка и Розочка _eСказка братьев Гримм _e[Для дошкольного возраста _f[Пер. с нем. и обработка Л. Кон] _gРис. В. Таубер |
|
| 210 |
_aМосква _aЛенинград _cИзд-во и ф-ка дет. книги Детгиза в М. _d1949 |
||
| 215 |
_a19, [5] с. _cил. _d28 |
||
| 300 | _aПеред загл.: Братья Гримм | ||
| 608 |
_aСказки немецкие (д. л.) _2psbo |
||
| 700 | 1 |
_aГримм _bВ. К. _f1786-1859 _gВильгельм Карл _3RU\NLR\AUTH\772018 |
|
| 701 | 1 |
_aГримм _bЯ. _f1785-1863 _gЯкоб _3RU\NLR\AUTH\772021 |
|
| 702 | 1 |
_aКон _bЛ. _4730 |
|
| 702 | 1 |
_aТаубер _bВ. И. _f1901-1990 _gВиктор Исаевич _3RU\NLR\AUTH\770152874 _4440 |
|
| 801 | 0 |
_aRU _bNLR _gpsbo |
|
| 801 | 1 |
_aRU _bELAR _2rusmarc |
|
| 852 |
_aNLR _jДл02 Г-8/356 |
||
| 942 | _cBOOK | ||
| 980 | _aNB | ||